| 000 | 00607nam a2200229 a 4500 | ||
|---|---|---|---|
| 001 | nice12345678 | ||
| 003 | IN_TiNIC | ||
| 005 | 20260116015002.0 | ||
| 008 | 070531s1973 onta grp 000 0 eng | ||
| 020 |
_a0836190068 _c100 |
||
| 082 | 0 | 0 |
_a291 _bSHE |
| 100 | _aShenk, David W | ||
| 245 |
_aGlobal Gods _b Exploring the Role of Religions in Modern Societiesbiblio |
||
| 260 |
_aOntario _bHerald Press _c1973 |
||
| 500 | _aincludes index and biblioraphy | ||
| 505 | 2 | _a403p | |
| 650 | _aComparative Religion | ||
| 700 | 1 | _aShenk, David W | |
| 902 | _bSRS | ||
| 942 | _cBK | ||
| 999 |
_c17840 _d17840 |
||